000 00802nas a2200289 4500
001 BR9207202
003 BR-BrBNA
005 20231205095004.0
007 ta
008 230509b bl.|||p| |||| 00| 00por d
040 _aBR-BrBNA
_bpor
_cBiblioteca Nacional de Agricultura
041 _a(Pt)
072 _aF01
100 1 _aFerraz, M.V.
245 1 _aResultado de safra das culturas de inverno safra 1991 na Sociedade Cooperativa Castrolanda
650 _aSafra
650 _aAveia
650 _aTrigo
650 _aCevada
650 _aVariedade
650 _aRotacao de Cultura
650 _aPratica Cultural
650 _aPratico
773 0 _tRevista Batavo (Brazil)
_x
_g(Apr 1992), v. 1(6) p. 8-11
_wBR9207202
909 _a202311
_bLúcia
_c55
_dLúcia Elande
942 _2AGRIS
_n0
_cANA
999 _c148115
_d148115